Noms des habitants des capitales Afrique - Statistiques

Statistiques générales
  • Ce quiz a été pris 41 fois
  • Le résultat moyen est 6 sur 19
Statistiques - réponses
Pays Capitales Noms des habitants de la CAPITALE % Correct
Algérie Alger Algérois
77%
Angola Luanda Luandais
69%
Afrique du Sud Pretoria Prétoriens
64%
Djibouti Djibouti Djiboutiens
56%
Botswana Gaborone Gaboronais
51%
République du Congo Brazzaville Brazzavillois
49%
Gabon Libreville Librevillois
41%
Comores Moroni Moroniens
36%
Cap Vert Praia Praïens
36%
Egypte Le Caire Cairotes
31%
Bénin Porto-Novo Porto-Noviens
26%
République démocratique du Congo Kinshasa Kinois
23%
Gambie Banjul Banjuliens
21%
Côte d'Ivoire Yamoussoukro Yamoussoukrois
21%
Eswatini Mbabane Mbabanais
18%
Burkina Faso Ouagadougou Ouagalais
8%
Ethiopie Addis-Abeba Addis-Abébiens
5%
Erythrée Asmara Asmaréens
3%
Centrafrique Bangui Banguissois
3%
Aucun quiz correspondant
Distribution des résultats
% des personnes avec chaque résultat
Percentile par nombre de réponses
Votre historique - résultats
Vous n’avez pas pris ce quiz